Village level worker and the cooperative movement (Record no. 496971)

000 -LEADER
fixed length control field 00372cam a22001217a 4500
008 - FIXED-LENGTH DATA ELEMENTS--GENERAL INFORMATION
fixed length control field 180718b xxu||||| |||| 00| 0 eng d
082 ## - DEWEY DECIMAL CLASSIFICATION NUMBER
Classification number T16x54 In2v
245 ## - TITLE STATEMENT
Title Village level worker and the cooperative movement
Statement of responsibility, etc. by Ram Chandra Tewari, translated by D.R. Goyal
260 ## - PUBLICATION, DISTRIBUTION, ETC.
Place of publication, distribution, etc. New Delhi
Name of publisher, distributor, etc. Government of India
Date of publication, distribution, etc.
300 ## - PHYSICAL DESCRIPTION
Extent ii, 61p
700 ## - ADDED ENTRY--PERSONAL NAME
Personal name Goyal, D.R.
700 ## - ADDED ENTRY--PERSONAL NAME
Personal name India.
Holdings
Withdrawn status Lost status Damaged status Not for loan Permanent Location Current Location Date acquired Full call number Barcode Date last seen Price effective from Koha item type
        Indian Institute of Public Administration Indian Institute of Public Administration 2018-08-04 T16x54 In2v GG6599 2018-08-04 2018-08-04 GG
        Indian Institute of Public Administration Indian Institute of Public Administration 2018-08-04 T16x54 In2v GG2951 2018-08-04 2018-08-04 GG

Powered by Koha